000 01006nam0a2200289 4500
001 RU\NLR\BIBL_A\022489360
005 20250627142811.0
035 _a(NLR Aleph) 022489360
090 _a13380848
_c13380848
100 _a20130417d1966 |||y0rusy50 ca
101 0 _arus
102 _aRU
105 _ay z |||||
200 1 _aО коммунистическом воспитании
_e[сборник
_fсоставитель: С.М. Ковалев]
205 _aИзд. 2-е
210 _aМосква
_d1966
215 _a487 с.
_d21
300 _aСоставитель указан на обороте тит. л.
606 _aКоммунистическое воспитание
_jСборники
_91282969
_3RU\NLR\AUTH\66211625
686 1 _aФ61(2)5я43
686 1 _aЧ313я43
702 1 _aКовалев
_bС. М.
_gСергей Митрофанович
_4220
801 0 _aRU
_bNLR
_gpsbo
852 _aNLR
_j66-3/1291
942 _cBOOK
980 _aNB